Acoustics of buildings: including acoustics of auditoriums and soundproofing of rooms.
I tiakina i:
| Kaituhi matua: | |
|---|---|
| Hōputu: | Pukapuka |
| Reo: | Ingarihi |
| I whakaputaina: |
New York, USA
John Wiley
1941
|
| Putanga: | Tercera edición |
| Ngā marau: | |
| Ngā Tūtohu: |
Tāpirihia he Tūtohu
Kāore He Tūtohu, Me noho koe te mea tuatahi ki te tūtohu i tēnei pūkete!
|
MARC
| LEADER | 00000nam a2200000 a 4500 | ||
|---|---|---|---|
| 001 | UCV8757 | ||
| 003 | CL-VaPUC | ||
| 005 | 20210408001120.0 | ||
| 008 | 911203e19410000US |||||||||||||||||eng|d | ||
| 999 | |c 214220 |d 214218 | ||
| 040 | |c Pontificia Universidad Católica de Valparaíso | ||
| 082 | 0 | 4 | |a 693.834 WAT 1941 |2 21 |
| 100 | 0 | |a Watson, F. R |9 302775 | |
| 245 | 1 | 0 | |a Acoustics of buildings: including acoustics of auditoriums and soundproofing of rooms. |
| 250 | |a Tercera edición | ||
| 260 | 0 | 3 | |a New York, USA |b John Wiley |c 1941 |
| 300 | |a 171 páginas | ||
| 583 | |a last modification |c 20170406 02:47:07 |k Rodrigo Vera | ||
| 650 | 0 | |a Acústica |9 265389 | |
| 650 | 0 | |a Diseño arquitectónico |9 265271 | |
| 942 | |c BK |2 ddc | ||
| 945 | |d 19911203 00:00:00 | ||
| 952 | |0 0 |1 0 |2 ddc |4 0 |6 693_834000000000000_WAT_1941 |7 0 |8 P |9 197397 |a BIBARQ |b BIBARQ |d 2019-11-14 |i 265055K |o 693.834 WAT 1941 |p 265055K |r 2025-01-20 |t 1 |w 2019-11-14 |y BK |k ARQ | ||